Greek Gods and Goddess - Statistics

General Stats
  • This quiz has been taken 146 times
  • The average score is 13 of 15
Answer Stats
Hint Answer % Correct
queen of gods hera
99%
god of the underworld hades
98%
messenger for the gods hermes
98%
symbol is the lightning bolt zeus
98%
god of war ares
97%
she once won a beauty contest aphrodite
96%
stolen by hades persephone
95%
goddess of the hunt artemis
94%
goddess of the harvest demeter
91%
symbol is the bow and arrow and the laurel apollo
89%
great craftman, son of zeus and hera hephaestus
84%
turned arachne into a spider athena
83%
god of sleep hypnos
81%
she is only sometimes inculded in the list of the the twelve olympian gods. when she is not included dionysus is included instead. hestia
74%
his wife is ariadne dionysus
64%
No matching quizzes found
Score Distribution
Percent of People with Each Score
Percentile by Number Answered
Your Score History
You have not taken this quiz